| 000 | 01096nas a2200337 4500 | ||
|---|---|---|---|
| 001 | BR9100523 | ||
| 003 | BR-BrBNA | ||
| 005 | 20231205091909.0 | ||
| 007 | ta | ||
| 008 | 230509b bl.|||p| |||| 00| 00por d | ||
| 040 |
_aBR-BrBNA _bpor _cBiblioteca Nacional de Agricultura |
||
| 041 | _a(Pt) | ||
| 072 | _aL02; L51 | ||
| 100 | 1 | _aLima, J.A. de F. | |
| 100 | 1 | _aPereira, J.A.A. | |
| 100 | 1 | _aCosta, P.M. de A. | |
| 100 | 1 | _aRostagno, H.S. | |
| 100 | 1 | _aSilva, M. de A. e | |
| 100 | 1 | _aGomes, P.C. | |
| 245 | 1 | _aEfeito da idade de desmama sobre as exigencias de lisina para leitoes na fase pre-inicial (desmama a 15 kg PV) | |
| 246 | 1 | _aWeaning age effect on lysine requirement of piglets from weaning to 15 kg live weight | |
| 650 | _aLEITAO | ||
| 650 | _aDESMAMA | ||
| 650 | _aIDADE | ||
| 650 | _aLISINA | ||
| 650 | _aEXIGENCIA NUTRICIONAL | ||
| 650 | _aMINAS GERAIS | ||
| 773 | 0 |
_tRevista da Sociedade Brasileira de Zootecnia (Brazil) _xISSN 0100-4859 _g(Sep-Oct 1990), v. 19(5) p. 379-389 _wBR9100523 |
|
| 909 |
_a202311 _bLúcia _c55 _dLúcia Elande |
||
| 942 |
_2AGRIS _n0 _cANA |
||
| 999 |
_c128024 _d128024 |
||